| 000 | 02353cam a2200301 4500500 | ||
|---|---|---|---|
| 005 | 20260111142300.0 | ||
| 041 | _afre | ||
| 042 | _adc | ||
| 100 | 1 | 0 |
_aAudegean, Philippe _eauthor |
| 700 | 1 | 0 |
_aNoûs, Camille _eauthor |
| 245 | 0 | 0 | _aAux sources de l'arithmétique criminelle : pitié et amour de soi |
| 260 | _c2021. | ||
| 500 | _a58 | ||
| 520 | _aDans le § xxx des Délits et des peines, Beccaria aborde le problème du temps judiciaire : non seulement celui de la procédure pénale, mais aussi celui de la prescription des infractions. Afin de combattre l’arbitraire, il élabore un modèle mathématique pouvant servir de règle pour déterminer ces durées par la loi. Cette analyse le conduit toutefois au constat d’un saut qualitatif – et non quantitatif – entre deux classes d’infractions : les atteintes aux biens et les atteintes aux personnes. L’anthropologie prend alors le relais de l’arithmétique pour justifier cette solution de continuité entre le droit à la vie – qui relève du « droit de nature » – et le droit de propriété – qui relève d’un « droit de société ». | ||
| 520 | _aIn Chapter xxx of Des Délits et des peines, Beccaria broaches the issue of judiciary time: not only that of penal procedure but also that of the prescription of crime. In order to fight against arbitrariness, he puts forward a mathematical model which may serve as a standard to determine these durations by law. This analysis leads him, nevertheless, to a qualitative (but not quantitative) leap between two types of offenses: the damage to property and the damage to persons. Anthropology then takes over from arithmetics when it comes to justifying this solution of continuity between the right to live (which relates to natural rights) and the right to property (which relates to societal rights). | ||
| 690 | _aBeccaria | ||
| 690 | _adroit naturel | ||
| 690 | _adroit pénal | ||
| 690 | _amesure des peines | ||
| 690 | _aprescription | ||
| 690 | _aBeccaria | ||
| 690 | _acriminal law | ||
| 690 | _ameasurement of penalties | ||
| 690 | _anatural law | ||
| 690 | _aprescription | ||
| 786 | 0 | _nDix-huitième siècle | 53 | 1 | 2021-06-28 | p. 655-672 | 0070-6760 | |
| 856 | 4 | 1 | _uhttps://shs.cairn.info/revue-dix-huitieme-siecle-2021-1-page-655?lang=fr&redirect-ssocas=7080 |
| 999 |
_c1635892 _d1635892 |
||